<?xml version="1.0" encoding="UTF-8"?>
<record
    xmlns:xsi="http://www.w3.org/2001/XMLSchema-instance"
    xsi:schemaLocation="http://www.loc.gov/MARC21/slim http://www.loc.gov/standards/marcxml/schema/MARC21slim.xsd"
    xmlns="http://www.loc.gov/MARC21/slim">

  <leader>02386nem a2200529 i 4500</leader>
  <controlfield tag="001">41145</controlfield>
  <controlfield tag="003">KOSZ 005</controlfield>
  <controlfield tag="005">20230309110859.0</controlfield>
  <controlfield tag="006">e|||||r|a||   0| 0</controlfield>
  <controlfield tag="007">aj can||</controlfield>
  <controlfield tag="008">120214s1997    pl a         |000 0 pol  </controlfield>
  <datafield tag="040" ind1=" " ind2=" ">
    <subfield code="c">KOSZ 005</subfield>
    <subfield code="a">KOSZ 005/ID</subfield>
    <subfield code="d">KOSZ 005/AR</subfield>
  </datafield>
  <datafield tag="041" ind1="0" ind2=" ">
    <subfield code="a">pol</subfield>
    <subfield code="a">eng</subfield>
  </datafield>
  <datafield tag="080" ind1=" " ind2=" ">
    <subfield code="a">912(438)</subfield>
  </datafield>
  <datafield tag="080" ind1=" " ind2=" ">
    <subfield code="a">528.9(438)</subfield>
  </datafield>
  <datafield tag="080" ind1=" " ind2=" ">
    <subfield code="a">55</subfield>
  </datafield>
  <datafield tag="080" ind1=" " ind2=" ">
    <subfield code="a">(084.3)</subfield>
  </datafield>
  <datafield tag="245" ind1="0" ind2="0">
    <subfield code="a">Mapa geologiczna &#x15B;ci&#x119;cia na poziomie 4000 m p.p.m. :</subfield>
    <subfield code="b">1:750 000.</subfield>
    <subfield code="n">Tablica 5 /</subfield>
    <subfield code="c">praca zbiorowa pod kierunkiem naukowym Zbigniewa Kota&#x144;skiego ; autor Zbigniew Bu&#x142;a [i inni] ; opracowanie graficzne Polska Agencja Ekologiczna SA - 1997 r., redaktor B. Celi&#x144;ska ; Pa&#x144;stwowy Instytut Geologiczny.</subfield>
  </datafield>
  <datafield tag="246" ind1="3" ind2="1">
    <subfield code="a">Geological map of horizontal cutting on the plane of 4000 m b.s.l.</subfield>
  </datafield>
  <datafield tag="246" ind1="1" ind2="3">
    <subfield code="a">Atlas geologiczny Polski.</subfield>
  </datafield>
  <datafield tag="246" ind1="1" ind2="3">
    <subfield code="a">Mapy geologiczne &#x15B;ci&#x119;cia poziomego.</subfield>
  </datafield>
  <datafield tag="255" ind1=" " ind2=" ">
    <subfield code="a">Skala 1 : 750 000.</subfield>
    <subfield code="c">(E 14&#xB0;10'-E 24&#xB0;09'/N 54&#xB0;51'-N 49&#xB0;00').</subfield>
  </datafield>
  <datafield tag="260" ind1=" " ind2=" ">
    <subfield code="a">Warszawa :</subfield>
    <subfield code="b">Wydawnictwo Kartograficzne Polskiej Agencji Ekologicznej,</subfield>
    <subfield code="c">copyright 1997.</subfield>
  </datafield>
  <datafield tag="300" ind1=" " ind2=" ">
    <subfield code="a">1 mapa :</subfield>
    <subfield code="b">wielobarwna ;</subfield>
    <subfield code="c">87x99 cm, w tubie 8x103 cm.</subfield>
  </datafield>
  <datafield tag="336" ind1=" " ind2=" ">
    <subfield code="2">rdacontent</subfield>
    <subfield code="a">Mapa 2D</subfield>
    <subfield code="b">cri</subfield>
  </datafield>
  <datafield tag="337" ind1=" " ind2=" ">
    <subfield code="2">rdamedia</subfield>
    <subfield code="a">Bez urz&#x105;dzenia po&#x15B;rednicz&#x105;cego</subfield>
    <subfield code="b">n</subfield>
  </datafield>
  <datafield tag="338" ind1=" " ind2=" ">
    <subfield code="2">rdacarrier</subfield>
    <subfield code="a">Arkusz</subfield>
    <subfield code="b">nb</subfield>
  </datafield>
  <datafield tag="380" ind1=" " ind2=" ">
    <subfield code="a">Mapy</subfield>
  </datafield>
  <datafield tag="388" ind1=" " ind2=" ">
    <subfield code="a">1901-2000</subfield>
  </datafield>
  <datafield tag="500" ind1=" " ind2=" ">
    <subfield code="a">Tre&#x15B;&#x107; mapy w j&#x119;zyku polskim.</subfield>
  </datafield>
  <datafield tag="536" ind1=" " ind2=" ">
    <subfield code="a">Druk pracy finansowany przez Ministerstwo Ochrony &#x15A;rodowiska, Zasob&#xF3;w Naturalnych i Le&#x15B;nictwa.</subfield>
  </datafield>
  <datafield tag="540" ind1=" " ind2=" ">
    <subfield code="a">Copyright by Pa&#x144;stwowy Instytut Geologiczny, Warszawa 1997.</subfield>
  </datafield>
  <datafield tag="650" ind1=" " ind2="7">
    <subfield code="a">Geologia</subfield>
  </datafield>
  <datafield tag="650" ind1=" " ind2="7">
    <subfield code="a">Kartografia geologiczna</subfield>
  </datafield>
  <datafield tag="651" ind1=" " ind2="7">
    <subfield code="a">Polska</subfield>
  </datafield>
  <datafield tag="655" ind1=" " ind2="7">
    <subfield code="a">Atlas geologiczny</subfield>
  </datafield>
  <datafield tag="655" ind1=" " ind2="7">
    <subfield code="a">Mapa geologiczna</subfield>
  </datafield>
  <datafield tag="658" ind1=" " ind2=" ">
    <subfield code="a">Geografia i nauki o Ziemi</subfield>
  </datafield>
  <datafield tag="700" ind1="1" ind2=" ">
    <subfield code="a">Kota&#x144;ski, Zbigniew</subfield>
    <subfield code="d">(1927-2005)</subfield>
    <subfield code="e">Opracowanie</subfield>
  </datafield>
  <datafield tag="700" ind1="1" ind2=" ">
    <subfield code="a">Bu&#x142;a, Zbigniew</subfield>
    <subfield code="e">Autor</subfield>
  </datafield>
  <datafield tag="700" ind1="1" ind2=" ">
    <subfield code="a">Celi&#x144;ska, Barbara</subfield>
    <subfield code="e">Redakcja</subfield>
  </datafield>
  <datafield tag="710" ind1="2" ind2=" ">
    <subfield code="a">Pa&#x144;stwowy Instytut Geologiczny</subfield>
    <subfield code="e">Instytucja sprawcza</subfield>
  </datafield>
  <datafield tag="710" ind1="2" ind2=" ">
    <subfield code="a">Wydawnictwo Kartograficzne Polskiej Agencji Ekologicznej </subfield>
    <subfield code="e">Wydawca</subfield>
  </datafield>
  <datafield tag="856" ind1=" " ind2=" ">
    <subfield code="u">http://koha.tu.koszalin.pl/cgi-bin/koha/opac-detail.pl?biblionumber=41145</subfield>
    <subfield code="y">Katalog online BPK</subfield>
  </datafield>
  <datafield tag="942" ind1=" " ind2=" ">
    <subfield code="c">MP</subfield>
    <subfield code="2">UKD</subfield>
  </datafield>
  <datafield tag="999" ind1=" " ind2=" ">
    <subfield code="c">41145</subfield>
    <subfield code="d">41145</subfield>
  </datafield>
  <datafield tag="952" ind1=" " ind2=" ">
    <subfield code="0">0</subfield>
    <subfield code="1">0</subfield>
    <subfield code="4">0</subfield>
    <subfield code="7">0</subfield>
    <subfield code="a">BPK</subfield>
    <subfield code="b">BPK</subfield>
    <subfield code="c">w</subfield>
    <subfield code="g">8.91</subfield>
    <subfield code="o">MP 1662/5</subfield>
    <subfield code="p">02701608</subfield>
    <subfield code="y">MP</subfield>
  </datafield>
</record>
